000 01130nam a22003737a 4500
001 BR7805934
003 BR-BrBNA
005 20230928085727.0
007 ta
008 230509b bl.||||| |||| 00| 0 por d
040 _aBR-BrBNA
_bpor
_cBiblioteca Nacional de Agricultura
041 _a(Por)
072 _aP20
_b/G514
090 _ P20 BR7805934
100 1 _aArioli, M.C.S.
100 1 _aHabekost, N.T.
100 1 _aPorto, M.T.
100 1 _aOliveira, A.B. de
100 1 _aRoso, A.L.
110 1 _aSecretaria Municipal do Meio Ambiente, Porto Alegre, RS (Brasil)
_99163
245 1 _aDiretrizes de manejo da area de preservacao permanente do Parque Saint'Hilaire [Recurso natural; Vegetacao; Fauna; Flora; Rio Grande do Sul; Brasil]
260 3 _aPorto Alegre, RS (Brasil):
_c1978.
300 _a67 p.
500 _aBibliography p. 61-67 (79 ref.); 12 illus.
650 _aVEGETACAO
650 _aCONSERVACAO
650 _aMEIO AMBIENTE
650 _aFAUNA
650 _aFLORA
650 _aPARQUE NACIONAL
650 _aRIO GRANDE DO SUL
909 _a202309
_bLucia
_c55
_dLucia Elande
942 _cBK
999 _c26011
_d26011